Shakespiere´s Dog

Guardat en:
Dades bibliogràfiques
Autor principal: Rooke, Leon
Format: Llibre
Idioma:Undetermined
Publicat: Toronto, Canadá Stoddart 1983
Matèries:
Etiquetes: Afegir etiqueta
Sense etiquetes, Sigues el primer a etiquetar aquest registre!

MARC

LEADER 00000nam a2200000Ia 4500
008 170316s9999 xx 000 0 und d
090 |a 818 R-8s 
100 |a Rooke, Leon 
245 |a Shakespiere´s Dog 
260 |a Toronto, Canadá 
260 |b Stoddart 
260 |c 1983 
300 |a 157 páginas 
650 |a LITERATURA CANADIENSE 
999 |c 22039  |d 22039 
040 |a cru BVZT 
942 |c 15 D  |h 818 R-8s  |2 z